000 04333nam a22004577a 4500
005 20081117123210.0
008 081117t xxu||||| |||| 00| 0 hin d
010 _aHIN-85039
020 _c200.00
_a8170434366
035 _aHN-57385
035 _aB-354451-462
037 _bDBAD / PUB
037 _bआत्माराम एण्ड संस
040 _aDPL
_bHN
082 _a954.0841
100 _aगुप्त, आशा
245 _aऐनी बेसंटः
_b( लंदन1847-भारत 1933 ) /
_cआशा गुप्त
246 _aAnnie Besant
_bby Asha Gupta
260 _aदिल्ली
_bआत्माराम एण्ड संस
_c2008
270 _a1376,कश्मीरी गेट
_bदिल्ली
_e110006
_matmaram_books@hotmail.com
_k011-23946466, 23973082
300 _a168 पृ
_c22सेमी (सजिल्द)
650 _aराष्टवाद
_xइतिहास
_zभारत
650 _aNationalism
_xHistory
_zIndia
651 _aभारत
_xराजनीति और सरकार
_y1847-1933
651 _aIndia
_xPolitics and governments
_y1847-1933
942 _2ddc
_cHN
_mगुप्तआ
_h954.0841
999 _c18628
_d18628